000 01270cam a2200181 4500500
005 20251228094943.0
041 _afre
042 _adc
100 1 0 _aRomano de Sant’Anna, Affonso
_eauthor
245 0 0 _aO sujeito vigiado e o panóptico invertido
260 _c2012.
500 _a43
520 _aCe texte est une étude sur la situation de l’individu moderne en relation avec le panopticon tel qu’il fut créé par Jeremy Bentham et étudié par Michel Foucault. Il s’agit aussi de la question de la répression, hier et de nos jours, ainsi que des dilemmes de la post-modernité.
520 _aThis text is a study on the situation of the modern individual in relation with the panopticon, as created by Jeremy Bentham and studied by Michel Foucault. It also examines the question of repression, both prior and in our time, as well as post-modern dilemmas.
520 _aEstudo sobre a situação do individuo moderno em relação ao panóptico tal como criado por Jeremy Bentham e estudado por Michel Foucault. A questão da repressão ontem e hoje e dos dilemas da pós-modernidade.
786 0 _nSigila | 30 | 2 | 2012-10-01 | p. 95-98 | 1286-1715
856 4 1 _uhttps://shs.cairn.info/revue-sigila-2012-2-page-95?lang=fr&redirect-ssocas=7080
999 _c1605179
_d1605179